[Event "Regionalliga Nord-Ost 1819"]
[Site "Bayern"]
[Date "2018.10.21"]
[Round "1.2"]
[White "Roeber, Juergen"]
[Black "Laubert, Johannes"]
[Result "0-1"]
[WhiteElo "2016"]
[BlackElo "2077"]
[PlyCount "62"]
[EventDate "2018.10.21"]
[EventType "team-tourn"]
[EventRounds "9"]
[EventCountry "GER"]
[SourceTitle "EXT 2022"]
[Source "ChessBase"]
[SourceDate "2021.10.06"]
[SourceVersion "1"]
[SourceVersionDate "2021.10.06"]
[SourceQuality "1"]
[WhiteTeam "Postbauer Heng"]
[BlackTeam "Windischeschenbach"]
[WhiteTeamCountry "GER"]
[BlackTeamCountry "GER"]

1. e4 c5 2. c3 e6 3. d4 cxd4 4. cxd4 d5 5. e5 Nc6 6. Nf3 Nge7 7. Nbd2 Qb6 8. Nb3 a5 9. a4 Nf5 10. Bb5 Bd7 11. 0-0 Be7 12. g4 Nh6 13. Bxh6 gxh6 14. Qd2 Nb4 15. Qxh6 Bxb5 16. axb5 Qxb5 17. Qg7 Rf8 18. Qxh7 Nd3 19. Rxa5 Rxa5 20. Nxa5 Nf4 21. Qh6 Ne2+ 22. Kh1 Ng3+ 23. fxg3 Qxf1+ 24. Ng1 Qe1 25. Nxb7 Qe4+ 26. Nf3 Qxf3+ 27. Kg1 Qd1+ 28. Kg2 Qxd4 29. Nd6+ Bxd6 30. exd6 Qxb2+ 31. Kh1 Rh8 0-1

[Event "Regionalliga NO 1415"]
[Site "Bayern"]
[Date "2015.03.15"]
[Round "8.1"]
[White "Ammon, Tobias"]
[Black "Laubert, Johannes"]
[Result "1-0"]
[WhiteElo "2129"]
[BlackElo "2098"]
[PlyCount "97"]
[EventDate "2014.10.19"]
[EventType "team-tourn"]
[EventRounds "9"]
[EventCountry "GER"]
[SourceTitle "EXT 2018"]
[Source "ChessBase"]
[SourceDate "2017.10.13"]
[SourceVersion "1"]
[SourceVersionDate "2017.10.13"]
[SourceQuality "1"]
[WhiteTeam "Altensittenbach"]
[BlackTeam "Windischeschenbach"]
[WhiteTeamCountry "GER"]
[BlackTeamCountry "GER"]

1. e4 c5 2. Nf3 e6 3. c3 d5 4. exd5 exd5 5. d4 Nc6 6. Bb5 Bd6 7. dxc5 Bxc5 8. 0-0 Nge7 9. Nbd2 0-0 10. Nb3 Bd6 11. Nbd4 Bg4 12. Qa4 Bd7 13. Re1 Qc7 14. Be3 a6 15. Nxc6 bxc6 16. Bd3 c5 17. Qc2 h6 18. Rad1 a5 19. g3 Rab8 20. Nh4 f5 21. Bf4 Rbe8 22. Bxd6 Qxd6 23. f4 g5 24. Ng2 Kg7 25. Qd2 Qf6 26. Be2 Be6 27. Bb5 Rb8 28. a4 Rb6 29. c4 dxc4 30. Qxa5 Rfb8 31. Qc3 Nc8 32. Re5 Bf7 33. Rd7 Nd6 34. fxg5 hxg5 35. Rxc5 Nxb5 36. axb5 Rxb5 37. Rxf7+ Kxf7 38. Qxc4+ Qe6 39. Rc7+ Kf6 40. Rc6 Qxc6 41. Qxc6+ Ke5 42. Ne3 f4 43. Nc4+ Kd4 44. gxf4 gxf4 45. Kf2 Rb4 46. h4 R8b5 47. Kf3 Rd5 48. Nd2 Rxb2 49. Qc4+ 1-0

[Event "Regionalliga NO 1415"]
[Site "Bayern"]
[Date "2015.02.01"]
[Round "6.1"]
[White "Laubert, Johannes"]
[Black "Lutz, Dieter"]
[Result "1/2-1/2"]
[WhiteElo "2098"]
[BlackElo "2249"]
[PlyCount "98"]
[EventDate "2014.10.19"]
[EventType "team-tourn"]
[EventRounds "9"]
[EventCountry "GER"]
[SourceTitle "EXT 2018"]
[Source "ChessBase"]
[SourceDate "2017.10.13"]
[SourceVersion "1"]
[SourceVersionDate "2017.10.13"]
[SourceQuality "1"]
[WhiteTeam "Windischeschenbach"]
[BlackTeam "Bechhofen"]
[WhiteTeamCountry "GER"]
[BlackTeamCountry "GER"]

1. e4 c5 2. Nf3 e6 3. d4 cxd4 4. Nxd4 a6 5. c4 Nf6 6. Nc3 d6 7. Be2 Bd7 8. 0-0 Nc6 9. Nc2 Qa5 10. Be3 Rc8 11. f4 h5 12. Rb1 Nb4 13. Nxb4 Qxb4 14. e5 Ng4 15. Bxg4 hxg4 16. Qxg4 Rxc4 17. exd6 g6 18. Qe2 Bg7 19. Nd5 exd5 20. Bd4+ Kf8 21. Qe7+ Kg8 22. Bxg7 Kxg7 23. Qxd7 Rxf4 24. Rxf4 Qxf4 25. h3 Qd4+ 26. Kh1 Qf6 27. Qxb7 Qxd6 28. Rf1 Qe6 29. Qc7 d4 30. Qc5 Rd8 31. Rd1 Qe4 32. Qc4 a5 33. Qd3 Qd5 34. b3 Qe5 35. Qc4 Rd6 36. Rf1 Rd5 37. Qd3 Qd6 38. Rd1 Qf4 39. Qc4 Qe5 40. Qd3 Rd6 41. Qc4 Rf6 42. a3 g5 43. b4 axb4 44. axb4 g4 45. Qc5 Qxc5 46. bxc5 gxh3 47. gxh3 Rf3 48. Kg2 Rc3 49. Rxd4 Rxc5 1/2-1/2

[Event "Regionalliga NO 1415"]
[Site "Bayern"]
[Date "2014.12.07"]
[Round "4.1"]
[White "Laubert, Johannes"]
[Black "Kilgus, Georg"]
[Result "0-1"]
[WhiteElo "2098"]
[BlackElo "2430"]
[PlyCount "108"]
[EventDate "2014.10.19"]
[EventType "team-tourn"]
[EventRounds "9"]
[EventCountry "GER"]
[SourceTitle "EXT 2018"]
[Source "ChessBase"]
[SourceDate "2017.10.13"]
[SourceVersion "1"]
[SourceVersionDate "2017.10.13"]
[SourceQuality "1"]
[WhiteTeam "Windischeschenbach"]
[BlackTeam "Regensburg Bavaria"]
[WhiteTeamCountry "GER"]
[BlackTeamCountry "GER"]

1. Nf3 d5 2. c4 d4 3. e3 Nc6 4. d3 e5 5. a3 a5 6. Be2 Nf6 7. 0-0 h6 8. exd4 exd4 9. Bf4 Bd6 10. Bg3 Bxg3 11. hxg3 0-0 12. Nbd2 Bf5 13. Re1 Nd7 14. Ne4 Bxe4 15. dxe4 Nc5 16. Bd3 Re8 17. Qc2 Qf6 18. b3 Ra6 19. Reb1 Rb6 20. Bf1 g5 21. e5 Qg6 22. Qxg6+ fxg6 23. b4 axb4 24. axb4 Rxb4 25. Rxb4 Nxb4 26. Nxd4 Kf7 27. f4 Ne6 28. Nxe6 Kxe6 29. Rb1 c5 30. Rd1 Kf5 31. Rd6 gxf4 32. gxf4 Kxf4 33. Rxg6 h5 34. e6 Kf5 35. Rg7 b6 36. Be2 Rxe6 37. Bxh5 Re1+ 38. Kh2 Nd3 39. Rf7+ Kg5 40. Bf3 Ne5 41. Rb7 Nxc4 42. Kg3 Rb1 43. Be2 Rb3+ 44. Kf2 Nd6 45. Re7 Kf6 46. Rh7 Ne4+ 47. Kg1 Rb2 48. Bc4 b5 49. Bd5 Nc3 50. Bf3 c4 51. Rc7 Ke5 52. Kh2 Na2 53. Bh5 c3 54. Bg6 b4 0-1

[Event "Regionalliga NO 1415"]
[Site "Bayern"]
[Date "2014.10.19"]
[Round "1.1"]
[White "Zvara, Petr"]
[Black "Laubert, Johannes"]
[Result "1-0"]
[WhiteElo "2333"]
[BlackElo "2098"]
[PlyCount "55"]
[EventDate "2014.10.19"]
[EventType "team-tourn"]
[EventRounds "9"]
[EventCountry "GER"]
[SourceTitle "EXT 2018"]
[Source "ChessBase"]
[SourceDate "2017.10.13"]
[SourceVersion "1"]
[SourceVersionDate "2017.10.13"]
[SourceQuality "1"]
[WhiteTeam "Schwandorf"]
[BlackTeam "Windischeschenbach"]
[WhiteTeamCountry "GER"]
[BlackTeamCountry "GER"]

1. e4 c5 2. Nf3 e6 3. d4 cxd4 4. Nxd4 a6 5. Nc3 b5 6. Bd3 Qb6 7. Nf3 d6 8. a4 b4 9. a5 Qc7 10. Na4 Nd7 11. Be3 Ngf6 12. Nb6 Rb8 13. Nxc8 Qxc8 14. Qe2 Qc6 15. 0-0 Be7 16. Nd4 Qa8 17. Bxa6 Qxe4 18. Bb5 Rc8 19. a6 0-0 20. Qf3 Ne5 21. Qxe4 Nxe4 22. a7 Bf6 23. Ba6 Ra8 24. Bb7 Nc5 25. Bxa8 Rxa8 26. Nb5 Nc6 27. Bxc5 dxc5 28. Ra6 1-0

[Event "Regionalliga NO 1314"]
[Site "Bayern"]
[Date "2014.02.09"]
[Round "6.1"]
[White "Laubert, Johannes"]
[Black "Bunk, Karsten"]
[Result "1-0"]
[WhiteElo "2137"]
[BlackElo "2074"]
[PlyCount "69"]
[EventDate "2013.10.13"]
[EventType "team-tourn"]
[EventRounds "9"]
[EventCountry "GER"]
[SourceTitle "EXT 2015"]
[Source "ChessBase"]
[SourceDate "2014.11.20"]
[SourceVersion "1"]
[SourceVersionDate "2014.11.20"]
[SourceQuality "1"]
[WhiteTeam "Windischeschenbach"]
[BlackTeam "Nuernberg Sued SW II"]
[WhiteTeamCountry "GER"]
[BlackTeamCountry "GER"]

1. Nf3 Nf6 2. c4 g6 3. g3 Bg7 4. Bg2 c5 5. 0-0 d5 6. cxd5 Nxd5 7. Nc3 Nc7 8. d3 Nc6 9. Be3 b6 10. Qa4 Bd7 11. Ng5 Ne5 12. Qb3 Rc8 13. Rad1 h6 14. Nf3 Nxf3+ 15. Bxf3 e5 16. Qa3 a6 17. b4 cxb4 18. Qxb4 Rb8 19. Bxb6 Qf6 20. Rb1 Bc6 21. Qc5 Bxf3 22. Qxc7 0-0 23. exf3 Qxf3 24. Be3 Rbc8 25. Qa5 Rfd8 26. Rfd1 f5 27. Bb6 Rd6 28. Na4 e4 29. Qxa6 Rc2 30. Qa8+ Kh7 31. Rf1 Rxa2 32. Qb8 Rxd3 33. Nc5 Rdd2 34. Ne6 e3 35. Qc7 1-0

[Event "GER-ch Net qual3 U25"]
[Site "Playchess.com INT"]
[Date "2012.09.08"]
[Round "7"]
[White "Laubert, Johannes"]
[Black "Schnoor, Ekkehard"]
[Result "1-0"]
[WhiteElo "2082"]
[BlackElo "1997"]
[PlyCount "61"]
[EventDate "2012.09.08"]
[EventType "swiss (blitz)"]
[EventRounds "7"]
[EventCountry "GER"]
[SourceTitle "CBM 150 Extra"]
[Source "ChessBase"]
[SourceDate "2012.10.19"]
[SourceVersion "1"]
[SourceVersionDate "2012.10.19"]
[SourceQuality "1"]

1. e4 e6 2. d4 d5 3. Nd2 a6 4. c3 Nf6 5. e5 Nfd7 6. Bd3 c5 7. Ne2 Nc6 8. Nf3 b5 9. 0-0 c4 10. Bc2 a5 11. a3 b4 12. axb4 Bb7 13. bxa5 Rxa5 14. Rxa5 Nxa5 15. Nf4 Be7 16. g3 0-0 17. h4 Bc6 18. Kg2 Nb6 19. Ng5 g6 20. Nxh7 Kxh7 21. Nxg6 f5 22. Qh5+ Kg8 23. Nxf8 Qxf8 24. Qg6+ Qg7 25. Qxe6+ Qf7 26. Bxf5 Qxe6 27. Bxe6+ Kg7 28. f4 Ba4 29. f5 Bd8 30. f6+ Kf8 31. Bh6+ 1-0

[Event "Bayern-ch 83th"]
[Site "Bayerisch Eisenstein"]
[Date "2012.08.20"]
[Round "3"]
[White "Laubert, Johannes"]
[Black "Hornung, Hans"]
[Result "1-0"]
[WhiteElo "2123"]
[BlackElo "2037"]
[PlyCount "75"]
[EventDate "2012.08.18"]
[EventType "swiss"]
[EventRounds "9"]
[EventCountry "GER"]
[SourceTitle "EXT 2013"]
[Source "ChessBase"]
[SourceDate "2012.11.22"]
[SourceVersion "1"]
[SourceVersionDate "2012.11.22"]
[SourceQuality "1"]

1. e4 c6 2. Nc3 g6 3. d4 d6 4. Nf3 Bg7 5. Be2 b5 6. 0-0 Nd7 7. Re1 Qc7 8. Bf1 a6 9. a4 b4 10. Nb1 c5 11. c3 Rb8 12. Nbd2 Nh6 13. Nc4 0-0 14. Bf4 f6 15. e5 fxe5 16. Bxh6 Bxh6 17. dxe5 Bb7 18. exd6 exd6 19. Nxd6 Ba8 20. Re7 bxc3 21. bxc3 Bc6 22. Ne5 Rf6 23. Ndf7 Bf8 24. Rxd7 Bxd7 25. Nxd7 Kxf7 26. Qd5+ Kg7 27. Nxf6 Kxf6 28. Bxa6 Bd6 29. g3 Be5 30. Bc4 Kg7 31. Rc1 Rf8 32. a5 Bf6 33. a6 Qa5 34. Qb7+ Kh6 35. a7 Bxc3 36. Bd5 Bd4 37. a8Q Bxf2+ 38. Kh1 1-0

[Event "Pardubice Czech op-A 23rd"]
[Site "Pardubice"]
[Date "2012.07.24"]
[Round "5"]
[White "Potapov, Alexander1111"]
[Black "Laubert, Johannes"]
[Result "1/2-1/2"]
[WhiteElo "2395"]
[BlackElo "2108"]
[PlyCount "106"]
[EventDate "2012.07.12"]
[EventType "swiss"]
[EventRounds "9"]
[EventCountry "CZE"]
[SourceTitle "CBM 149 Extra"]
[Source "ChessBase"]
[SourceDate "2012.08.24"]
[SourceVersion "1"]
[SourceVersionDate "2012.08.24"]
[SourceQuality "1"]

1. d4 Nf6 2. c4 e6 3. Nf3 Bb4+ 4. Nbd2 d5 5. g3 0-0 6. Bg2 c5 7. cxd5 Nxd5 8. dxc5 Nc6 9. 0-0 Bxc5 10. Qc2 Be7 11. Rd1 Bd7 12. e4 Nb6 13. Nb3 Rc8 14. Qe2 Qc7 15. Be3 e5 16. Rac1 Rfd8 17. Nfd2 Be6 18. Qb5 Nd7 19. f4 f6 20. f5 Bf7 21. Bf1 a6 22. Qe2 b5 23. Qf2 Qb7 24. a3 a5 25. Bd3 a4 26. Na1 Nd4 27. g4 Nc5 28. Bb1 Rc7 29. Qg2 Rcd7 30. Rf1 b4 31. g5 Kh8 32. Nf3 Nxf3+ 33. Qxf3 Nd3 34. Bxd3 Rxd3 35. Nc2 bxa3 36. bxa3 Bc5 37. Rfe1 Bb3 38. Qf2 Bxe3 39. Rxe3 Rd2 40. Re2 Rxe2 41. Qxe2 Qc6 42. Qf2 Rc8 43. gxf6 gxf6 44. Qh4 Bxc2 45. Rxc2 Qxc2 46. Qxf6+ Kg8 47. Qe6+ Kg7 48. Qe7+ Kh6 49. Qh4+ Kg7 50. Qe7+ Kg8 51. Qe6+ Kf8 52. Qf6+ Ke8 53. Qe6+ Kf8 1/2-1/2

[Event "Regionalliga NO 1112"]
[Site "Bayern"]
[Date "2012.04.15"]
[Round "9.1"]
[White "Heika, Martin"]
[Black "Laubert, Johannes"]
[Result "1-0"]
[WhiteElo "2335"]
[BlackElo "2141"]
[PlyCount "77"]
[EventDate "2011.10.02"]
[EventType "team-tourn"]
[EventRounds "9"]
[EventCountry "GER"]
[SourceTitle "EXT 2015"]
[Source "ChessBase"]
[SourceDate "2014.11.20"]
[SourceVersion "1"]
[SourceVersionDate "2014.11.20"]
[SourceQuality "1"]
[WhiteTeam "Kareth Lappersdorf"]
[BlackTeam "Windischeschenbach"]
[WhiteTeamCountry "GER"]
[BlackTeamCountry "GER"]

1. e4 e6 2. d4 d5 3. Nc3 Bb4 4. e5 Ne7 5. Bd2 b6 6. Nf3 Qd7 7. h4 Ba6 8. Bxa6 Nxa6 9. h5 h6 10. Qe2 Nb8 11. 0-0-0 Bxc3 12. Bxc3 Qa4 13. Kb1 Qc4 14. Qxc4 dxc4 15. Nd2 b5 16. Ne4 Nd5 17. Bd2 Nd7 18. f4 f5 19. exf6 gxf6 20. g4 f5 21. gxf5 exf5 22. Ng3 0-0-0 23. Nxf5 Rdf8 24. Nh4 Rf6 25. Rdg1 b4 26. f5 c3 27. Bc1 cxb2 28. Kxb2 Ra6 29. Rg6 N7b6 30. Kb3 Nc3 31. f6 Kb7 32. f7 Rf8 33. Rf1 Rxa2 34. Bxh6 a5 35. Rxb6+ Kxb6 36. Bxf8 c5 37. Bxc5+ Kb5 38. Bxb4 axb4 39. Rf5+ 1-0

[Event "Oberpfalz-ch M1"]
[Site "Burglengenfeld"]
[Date "2012.04.02"]
[Round "5"]
[White "Laubert, Johannes"]
[Black "Giessmann, Stephan"]
[Result "1/2-1/2"]
[WhiteElo "2082"]
[BlackElo "2251"]
[PlyCount "102"]
[EventDate "2012.03.31"]
[EventType "swiss"]
[EventRounds "8"]
[EventCountry "GER"]
[SourceTitle "EXT 2022"]
[Source "ChessBase"]
[SourceDate "2021.10.06"]
[SourceVersion "1"]
[SourceVersionDate "2021.10.06"]
[SourceQuality "1"]

1. e4 e6 2. d4 d5 3. Nc3 dxe4 4. Nxe4 Bd7 5. Nf3 Bc6 6. Bd3 Nd7 7. 0-0 Ngf6 8. Ned2 Be7 9. b3 Nd5 10. c4 Nf4 11. Be4 Bxe4 12. Nxe4 Ng6 13. d5 exd5 14. Qxd5 Nc5 15. Qxd8+ Rxd8 16. Nxc5 Bxc5 17. Re1+ Kd7 18. Bb2 f6 19. Bd4 Bb4 20. Red1 Kc8 21. Kf1 a6 22. Be3 Rhe8 23. Rxd8+ Rxd8 24. Ke2 Re8 25. Kd3 Ne5+ 26. Nxe5 Rxe5 27. f4 Re8 28. f5 Bd6 29. g4 Be5 30. Rg1 Kd7 31. h4 h6 32. g5 fxg5 33. hxg5 hxg5 34. Rxg5 Bf6 35. Rh5 Kc6 36. a4 Kd7 37. b4 Ke7 38. Rh1 Kf7 39. b5 axb5 40. cxb5 Ra8 41. Rc1 Be5 42. Rc4 Kf6 43. Ke4 Re8 44. Bd4 Bxd4+ 45. Kxd4 Re7 46. a5 Kxf5 47. a6 bxa6 48. bxa6 g5 49. a7 Re8 50. Rxc7 g4 51. Rg7 Ra8 1/2-1/2

[Event "Oberpfalz-ch M1"]
[Site "Burglengenfeld"]
[Date "2012.03.31"]
[Round "1"]
[White "Laubert, Johannes"]
[Black "Weigert, Wilhelm"]
[Result "1-0"]
[WhiteElo "2082"]
[BlackElo "2031"]
[PlyCount "75"]
[EventDate "2012.03.31"]
[EventType "swiss"]
[EventRounds "8"]
[EventCountry "GER"]
[SourceTitle "EXT 2022"]
[Source "ChessBase"]
[SourceDate "2021.10.06"]
[SourceVersion "1"]
[SourceVersionDate "2021.10.06"]
[SourceQuality "1"]

1. e4 d6 2. d4 Nf6 3. Nc3 g6 4. Nf3 Bg7 5. Be2 0-0 6. 0-0 Bg4 7. Re1 Nc6 8. d5 Nb8 9. h3 Bxf3 10. Bxf3 c6 11. Bf4 Nbd7 12. a4 Rc8 13. a5 cxd5 14. exd5 Re8 15. g4 Ne5 16. Bxe5 dxe5 17. d6 exd6 18. Bxb7 Rc5 19. a6 d5 20. Qd2 d4 21. Na4 Rc7 22. c3 Nd7 23. Rac1 Qh4 24. Qd3 Bh6 25. Rcd1 dxc3 26. Nxc3 Nf6 27. Qf3 Rc4 28. Ne4 Nxe4 29. Rxe4 Rxe4 30. Bxe4 Qe7 31. Rd3 Rc8 32. Rb3 Bf4 33. Rb7 Rc7 34. Qa3 Qd8 35. Qb3 Kg7 36. Kg2 Rd7 37. Qc4 Qe7 38. Qc6 1-0

[Event "Regionalliga NO 1112"]
[Site "Bayern"]
[Date "2012.03.18"]
[Round "8.1"]
[White "Laubert, Johannes"]
[Black "Zvara, Petr"]
[Result "0-1"]
[WhiteElo "2141"]
[BlackElo "2327"]
[PlyCount "80"]
[EventDate "2011.10.02"]
[EventType "team-tourn"]
[EventRounds "9"]
[EventCountry "GER"]
[SourceTitle "EXT 2015"]
[Source "ChessBase"]
[SourceDate "2014.11.20"]
[SourceVersion "1"]
[SourceVersionDate "2014.11.20"]
[SourceQuality "1"]
[WhiteTeam "Windischeschenbach"]
[BlackTeam "Schwandorf"]
[WhiteTeamCountry "GER"]
[BlackTeamCountry "GER"]

1. e4 e5 2. Nf3 Nc6 3. Nc3 Nf6 4. d4 exd4 5. Nxd4 Bb4 6. Nxc6 bxc6 7. Bd3 d5 8. exd5 cxd5 9. 0-0 0-0 10. Bg5 Be6 11. Nb5 c5 12. a3 Ba5 13. b4 cxb4 14. Qe1 h6 15. Bd2 Re8 16. Bxb4 Bb6 17. Nd6 Re7 18. Nf5 Rd7 19. Qe5 d4 20. Qf4 Bc7 21. Nxh6+ gxh6 22. Qxh6 Rd5 23. Bf8 Bxh2+ 24. Kh1 Qxf8 25. Qxf6 Rh5 26. Qf3 Rh6 27. g4 Bc7+ 28. Kg2 Rh2+ 29. Kg1 Rh4 30. Rfe1 Rxg4+ 31. Kf1 Rh4 32. Re4 Rh6 33. Ke2 Re8 34. Rg1+ Kh8 35. Kd2 Ba5+ 36. Kd1 Bd5 37. Qf5 Bxe4 38. Bxe4 Bc7 39. Qd5 Be5 40. Rg5 Bg7 0-1

[Event "Regionalliga NO 1112"]
[Site "Bayern"]
[Date "2011.10.23"]
[Round "2.1"]
[White "Lutz, Dieter"]
[Black "Laubert, Johannes"]
[Result "0-1"]
[WhiteElo "2215"]
[BlackElo "2141"]
[PlyCount "108"]
[EventDate "2011.10.02"]
[EventType "team-tourn"]
[EventRounds "9"]
[EventCountry "GER"]
[SourceTitle "EXT 2013"]
[Source "ChessBase"]
[SourceDate "2012.11.22"]
[SourceVersion "1"]
[SourceVersionDate "2012.11.22"]
[SourceQuality "1"]
[WhiteTeam "Bechhofen"]
[BlackTeam "Windischeschenbach"]
[WhiteTeamCountry "GER"]
[BlackTeamCountry "GER"]

1. e4 e6 2. d4 d5 3. Nd2 Nc6 4. c3 dxe4 5. Nxe4 Qd5 6. Bd3 e5 7. Qe2 Bf5 8. Nf3 Nge7 9. c4 Qa5+ 10. Bd2 Qb6 11. d5 Nd4 12. Nxd4 exd4 13. c5 Qg6 14. d6 Qxg2 15. 0-0-0 Bg4 16. f3 Qxf3 17. Rde1 Qxe2 18. Bxe2 Be6 19. dxe7 Bxe7 20. a3 Kd7 21. Rhg1 Rhg8 22. Ng5 Bxc5 23. Nxe6 fxe6 24. Bc4 Rae8 25. Rg4 g5 26. b4 Bb6 27. h4 h6 28. hxg5 hxg5 29. Rxg5 Rxg5 30. Bxg5 Kd6 31. Bf6 e5 32. Bf7 Rf8 33. Bxe5+ Kc6 34. Bc4 Rf3 35. a4 Rc3+ 36. Kd2 Rxc4 37. a5 Rxb4 38. axb6 Kxb6 39. Rc1 c5 40. Bd6 Rb5 41. Be5 a5 42. Kd3 a4 43. Bf4 Kc6 44. Ke4 Rb3 45. Ra1 Kb5 46. Kd5 b6 47. Bc1 d3 48. Ke4 a3 49. Bxa3 d2 50. Bxc5 bxc5 51. Rd1 Rb2 52. Kd3 Kb4 53. Rxd2 Rxd2+ 54. Kxd2 Kb3 0-1

[Event "Regionalliga NO 1112"]
[Site "Bayern"]
[Date "2011.10.02"]
[Round "1.1"]
[White "Laubert, Johannes"]
[Black "Miller, Eduard"]
[Result "0-1"]
[WhiteElo "2141"]
[BlackElo "2168"]
[PlyCount "72"]
[EventDate "2011.10.02"]
[EventType "team-tourn"]
[EventRounds "9"]
[EventCountry "GER"]
[SourceTitle "EXT 2013"]
[Source "ChessBase"]
[SourceDate "2012.11.22"]
[SourceVersion "1"]
[SourceVersionDate "2012.11.22"]
[SourceQuality "1"]
[WhiteTeam "Windischeschenbach"]
[BlackTeam "Forchheim II"]
[WhiteTeamCountry "GER"]
[BlackTeamCountry "GER"]

1. e4 e6 2. d4 d5 3. Nd2 Nf6 4. e5 Nfd7 5. c3 c5 6. Bd3 Nc6 7. Ne2 cxd4 8. cxd4 f6 9. exf6 Nxf6 10. 0-0 Bd6 11. Nf3 Qc7 12. Bg5 0-0 13. Bh4 Nh5 14. Qc2 h6 15. Bg6 Rxf3 16. gxf3 Bxh2+ 17. Kg2 Nf4+ 18. Nxf4 Qxf4 19. Bg3 Bxg3 20. fxg3 Qxd4 21. f4 Qf6 22. Rae1 Bd7 23. f5 e5 24. Qc5 Ne7 25. Qc7 Bb5 26. Rf2 e4 27. Qxb7 Bc6 28. Qb3 Kh8 29. Rc1 d4 30. Rfc2 Rd8 31. Kh2 d3 32. Rc3 Bd5 33. Qb5 Nxg6 34. fxg6 Qf2+ 35. Kh1 Qf3+ 36. Kh2 e3 0-1